चर्चित कहानियाँ (Record no. 6905)
[ view plain ]
| 000 -LEADER | |
|---|---|
| fixed length control field | 00934 a2200217 4500 |
| 005 - DATE AND TIME OF LATEST TRANSACTION | |
| control field | 20181102144313.0 |
| 010 ## - LCCN (DPL NO) | |
| LC control number | HIN-80691 B-240912 B-240919 |
| 020 ## - INTERNATIONAL STANDARD BOOK NUMBER | |
| International Standard Book Number | 8171381146 |
| Terms of availability | 150.00 |
| 035 ## - SYSTEM CONTROL NUMBER | |
| System control number | HN-53037, B-240910 B-240912 B-240919 |
| 037 ## - SOURCE OF ACQUISITION | |
| Source of stock number/acquisition | D.B.Act / pub |
| 082 ## - DEWEY DECIMAL CLASSIFICATION NUMBER | |
| Classification number | क |
| 100 ## - MAIN ENTRY--PERSONAL NAME | |
| Personal name | रमाकांत |
| 245 ## - TITLE STATEMENT | |
| Title | चर्चित कहानियाँ |
| Statement of responsibility, etc | रमाकांत |
| 246 ## - VARYING FORM OF TITLE | |
| Title proper/short title | Charchit Kahaniyan |
| Remainder of title | by Ramakant |
| 260 ## - PUBLICATION, DISTRIBUTION, ETC. (IMPRINT) | |
| Place of publication, distribution, etc | नई दिल्ली |
| Name of publisher, distributor, etc | सामयिक प्रकाशन |
| Date of publication, distribution, etc | 2007 |
| 270 ## - ADDRESS | |
| Address | 3320-21, जटवाड़ा, नेताजी सुभाष मार्ग दरियागंज |
| City | नई दिल्ली |
| Postal code | 110002 |
| 300 ## - PHYSICAL DESCRIPTION | |
| Extent | 144पृ |
| Dimensions | 22 सेमी (सजिल्द) |
| 650 ## - SUBJECT ADDED ENTRY--TOPICAL TERM | |
| Topical term or geographic name as entry element | हिन्दी कहानियाँ |
| 650 ## - SUBJECT ADDED ENTRY--TOPICAL TERM | |
| Topical term or geographic name as entry element | Hindi Stories |
| 942 ## - ADDED ENTRY ELEMENTS (KOHA) | |
| Institution code [OBSOLETE] | dpl |
| Item type | Hindi Books |
| Call number prefix | क / रमाकां |
| Source of classification or shelving scheme | Dewey Decimal Classification |
| Classification part | क |
| Call number suffix | रमाकां |
| Withdrawn status | Lost status | Not for loan | Home library | Current library | Date acquired | Cost, normal purchase price | Full call number | Barcode | Copy number | Cost, replacement price | Koha item type | Collection code | Source of acquisition |
|---|---|---|---|---|---|---|---|---|---|---|---|---|---|
| D.B.Act.Division | D.B.Act.Division | 12/09/2008 | 150.00 | क रमाकां | HN-53037 | 1 | 150.00 | Hindi Books | |||||
| R.C.Libraries (zls) | R.C.Libraries (zls) | 02/11/2018 | 150.00 | क रमाकां | B-240912 | 150.00 | Hindi Books | Fiction | |||||
| R.C.Libraries (zls) | R.C.Libraries (zls) | 02/11/2018 | 150.00 | क रमाकां | B-240919 | 150.00 | Hindi Books | Fiction | |||||
| Shahdara Branch | Shahdara Branch | 03/10/2018 | 150.00 | क रमाकां | B-240910 | 150.00 | Hindi Books | Fiction | BPPD/PUB |
